Sports Quiz

Random Sports or NBA Quiz

NBA All Rookie Teams (70s) Quiz Stats

 Plays Quiz not verified by Sporcle

Challenge
Share
Tweet
Embed
Score 0/50 Timer 13:00
0 Plays Today
Team Player % Correct
1969-70Lew Alcindor
97.5%
1972-73Bob McAdoo
91.1%
1977-78Marques Johnson
87.3%
1970-71Dave Cowens
86.1%
1971-72Elmore Smith
82.3%
1969-70Jo Jo White
79.7%
1969-70Bob Dandridge
78.5%
1970-71Pete Maravich
75.9%
1974-75Jamaal Wilkes
75.9%
1970-71Bob Lanier
73.4%
1971-72Sidney Wicks
68.4%
1970-71Calvin Murphy
67.1%
1969-70Mike Davis
65.8%
1972-73Dwight Davis
65.8%
1975-76Alvan Adams
65.8%
1976-77Adrian Dantley
65.8%
1977-78Walter Davis
65.8%
1976-77John Lucas
64.6%
1977-78Jack Sikma
64.6%
1978-79Reggie Theus
63.3%
1971-72Austin Carr
62%
1977-78Bernard King
60.8%
1970-71Geoff Petrie
59.5%
1978-79Mychal Thompson
59.5%
1971-72Phil Chenier
57%
Team Player % Correct
1975-76Gus Williams
57%
1978-79Phil Ford
55.7%
1974-75John Drew
54.4%
1977-78Norm Nixon
50.6%
1973-74Ernie DiGregorio
46.8%
1973-74John Brown
43%
1974-75Scott Wedman
43%
1975-76Lionel Hollins
43%
1976-77Scott May
25.3%
1976-77Ron Lee
25.3%
1976-77Mitch Kupchak
24.1%
1974-75Brian Winters
22.8%
1972-73Lloyd Neal
21.5%
1971-72Clifford Ray
20.3%
1973-74Mike Bantom
20.3%
1975-76John Shumate
20.3%
1972-73Jim Price
15.2%
1978-79Terry Tyler
15.2%
1974-75Tommy Burleson
13.9%
1978-79Ron Brewer
11.4%
1972-73Fred Boyd
6.3%
1969-70Dick Garrett
5.1%
1973-74Nick Weatherspoon
5.1%
1973-74Ron Behagen
2.5%
1975-76Joe Meriweather
2.5%

You're not logged in!

Compare scores with friends on all Sporcle quizzes.
OR
Log In

You Might Also Like...

Show Comments

Extras

Created May 23, 2017ReportNominate
Tags:NBA Quiz, player, rookie, team

Top Quizzes Today


Score Distribution

Your Account Isn't Verified!

In order to create a playlist on Sporcle, you need to verify the email address you used during registration. Go to your Sporcle Settings to finish the process.

Report this User

Report this user for behavior that violates our Community Guidelines.

Details: